Der slowakische Einzelhandelsmarkt und seine Transformation seit 1990

Salvato in:
Dettagli Bibliografici
Autore principale: Megyesiová, Silvia, 1969-
Natura: Capitolo di libro
Lingua:tedesco
Tags: Aggiungi Tag
Nessun Tag, puoi essere il primo ad aggiungerne!!

MARC

LEADER 00000nla$a2200000$$$4500
001 0051573
005 20240502083136.1
041 0 |a ger 
044 |a AT 
245 1 0 |a Der slowakische Einzelhandelsmarkt und seine Transformation seit 1990  |c Silvia Megyesiová 
500 |a Prezentácia 
100 1 |a Megyesiová, Silvia, 1969-